000 00370 a2200169 4500
001 175287
020 _a85-262-5182-1
040 _cMagnum
100 _aRodrigues, Rosicler Martins
240 1 0 _aCidades brasileiras
_lpor
245 1 0 _aCidades brasileiras
300 _a31
362 0 _a2006
440 1 _aScipione
697 _aGEOGRAFIA DO BRASIL
942 _cBK
999 _c175287
_d175287